LEADER 01055nam a2200217 i 4500 001 000000163481 003 CaOOAMICUS 005 20070730000000.0 008 070730s1983 it u000 u ita u 013 $a140845 040 $aSeMil$bita 100 1 $aVigolo, Giorgio <1894-1983>.$0(OLS)http://semarc/name/90016 245 13$aLa vita del Beato Pirolèo e I dialoghi con Amadigi :$baggiuntavi La Canzone della Casa nel bosco e il Capitolo in lode della pioggia /$cGiorgio Vigolo ; a cura di Pietro Cimatti. 260 $a[Milano] :$bEditoriale Nuova,$c1983. 300 $a119 p. ;$c21 cm. 700 1 $aCimatti, Pietro.$0(OLS)http://semarc/name/58978 850 $aSeMil 852 $aSeMil$W1$xVenegono$y1$m1C III 188$j248947$B114775$CSeMilBibl$Z2$F125592 $81 961 $aRecupero: Altro 996 $6245$aLa vita del Beato Pirolèo e I dialoghi con Amadigi :$baggiuntavi La Canzone della Casa nel bosco e il Capitolo in lode della pioggia$9(OLS)http://semarc/title/233238 996 $6260$a[Milano] :$bEditoriale Nuova$9(OLS)http://semarc/publisher/42302 LEADER 01223nam a2200277 4500 001 000000345368 003 CaOOAMICUS 005 20210423093018.0 008 210413s2014 it 000 u ita r 020 $a9788897608770* 040 $aSeMil$bita 100 1 $aBuzzati, Dino,$d<1906-1972>.$0(OLS)http://semarc/name/8278 245 10$aCon il papa il Terrasanta /$cDino Buzzati ; a cura di Lorenzo Viganò. 264 1$aMilano :$bHenry Beyle,$c2014. 300 $a124 p. ;$c19 cm 490 1 $aDiritti, società, frontiere ;$v3 650 4$aPaolo VI - Viaggi apostolici - Terra Santa.$0(OLS)http://semarc/subject/33015 700 1 $aViganò, Lorenzo,$d<1961- >.$0(OLS)http://semarc/name/79840 830 0$aDiritti, società, frontiere ;$v3.$0(OLS)http://semarc/title/434503 850 $aSeMil 852 $aSeMil$W1$xVenegono$y1$m1C I 216$j225593$B236447$CSeMilBibl$Z2$F236447 $81 961 $aEsemplare n. 440 di 575 copie numerate 996 $6020$a9788897608770*$9(OLS)http://semarc/number/292893 996 $6245$aCon il papa il Terrasanta$9(OLS)http://semarc/title/434502 996 $6264$aMilano :$bHenry Beyle$9(OLS)http://semarc/publisher/59692